banner-ar

المشيدات الوقفية العمرانية فى مصر خلال العصر المملوكى : (Record no. 62702)

MARC details
000 -الفاتح
حقل البيانات ثابتة الطول 00990nam a22002297a 4500
005 - وقت وتاريخ اخر تعامل مع التسجيلة
رقم الضبط 20240530110603.0
008 - عناصر البيانات ثابتة الطول - معلومات عامة
حقل البيانات ثابتة الطول 161017s2015 ua ha f b 000 0 ara d
017 ## - رقم الايداع القانونى
رقم الايداع القانونى 2014/11184
المصدر ( الهيئة المختصة) مصر. دار الكتب
020 ## - الرقم الدولى المعيارى للكتب
الرقم الدولى المعيارى للكتاب 9772763667359
040 ## - مصدر الفهرسة
وكالة الفهرسة الأصلية EG-CaGPL
وكالة النسخ EG-CaGPL
082 ## - رقم تصنيف ديوى العشرى
رقم الطبعة 21
رقم التصنيف 953.082
رقم المادة ق/أ م
100 0# - المدخل الرئيسى - إسم شخصى
الإسم الشخصى احمد خلف فندى السبعاوى
245 12 - بيان العنوان
العنوان المشيدات الوقفية العمرانية فى مصر خلال العصر المملوكى :
بقية العنوان 800 - 923 هـ / 1397 - 1517 م /
بيان المسئوليه,etc احمد خلف فندى السبعاوى
250 ## - بيان الطبعة
بيان الطبعة ط. 1
260 ## - PUBLICATION, DISTRIBUTION, ETC. (IMPRINT)
تاريخ النشر أو التوزيع 2015 .
300 ## - الوصف المادى
التعداد 291 ص. :
تفاصيل ماديه اخرى للوعاء صور ، جداول ؛
أبعاد الوعاء 24 سم. +
المادة المصاحبة ملاحق .
504 ## - تبصرة ببليوجرافية
تبصرة ببليوجرافية,الخ يشتمل على ارجاعات ببليوجرافية
651 04 - المدخل الاضافى بالموضوع - اسم جغرافى
الاسم الجغرافي مصر
التقسيم الفرعي العام تاريخ
التقسيم الفرعي الزمني عصر المماليك
651 04 - المدخل الاضافى بالموضوع - اسم جغرافى
الاسم الجغرافي مصر
التقسيم الفرعي العام اوقاف
التقسيم الفرعي الزمني عصر المماليك
942 ## - عناصر المدخل الإضافي( كوها)
مصدر التصنيف او مخطط الترفيف Dewey Decimal Classification
Koha [default] item type كتاب
260 ## - PUBLICATION, DISTRIBUTION, ETC. (IMPRINT)
-- القاهرة :
-- المكتب العربى للمعارف ،
Holdings
حالة التراجع حالة الفقد حالة تلف ليس للاعارة المكان المؤقت الموقع الحالى موقع الترفيف تاريخ الاكتساب اجمالي اﻻعارات رقم الطلب الباركود تاريخ اخر مشاهدة تاريخ تفعيل السعر نوع وعاء كوها
        مكتبة القاهرة الكبرى مكتبة القاهرة الكبرى   10/17/2016   953.082 ق/أ م 162523 10/17/2016 10/17/2016 كتاب

Powered By

EGPV